ARRUPE JESUIT UNIVERSITY

CORONAVIRUS -STOP THE SPREAD - CLEAN,DISINFECT,COVER

Religion and politics in Uganda 1952-1962 (Record no. 5337)

MARC details
000 -LEADER
fixed length control field 00556nam a2200217Ia 4500
003 - CONTROL NUMBER IDENTIFIER
control field 0100
008 - FIXED-LENGTH DATA ELEMENTS--GENERAL INFORMATION
fixed length control field 130227s9999 xx 000 0 und d
040 ## - CATALOGING SOURCE
Transcribing agency ARRUPELIB
050 ## - LIBRARY OF CONGRESS CALL NUMBER
Classification number BL2470.U3W4
100 ## - MAIN ENTRY--PERSONAL NAME
Personal name Welbourne, Frederich Burkewood
245 ## - TITLE STATEMENT
Title Religion and politics in Uganda 1952-1962
260 ## - PUBLICATION, DISTRIBUTION, ETC. (IMPRINT)
Place of publication, distribution, etc Nairobi
260 ## - PUBLICATION, DISTRIBUTION, ETC. (IMPRINT)
Name of publisher, distributor, etc East African Publishing House
260 ## - PUBLICATION, DISTRIBUTION, ETC. (IMPRINT)
-- 1965
300 ## - PHYSICAL DESCRIPTION
Extent iv
300 ## - PHYSICAL DESCRIPTION
Other physical details 78p 21cm
650 ## - SUBJECT ADDED ENTRY--TOPICAL TERM
Topical term following geographic name as entry element Shiites Iran - History
650 ## - SUBJECT ADDED ENTRY--TOPICAL TERM
Location of event Islam and politics - Iran
650 ## - SUBJECT ADDED ENTRY--TOPICAL TERM
Active dates Iran - Religion
942 ## - ADDED ENTRY ELEMENTS (KOHA)
Source of classification or shelving scheme Library of Congress Classification
Koha issues (borrowed), all copies 1
Holdings
Withdrawn status Lost status Source of classification or shelving scheme Damaged status Not for loan Collection code Home library Current library Shelving location Date acquired Total Checkouts Full call number Barcode Date last seen Date last borrowed Copy number Price effective from Koha item type
    Library of Congress Classification     Main Collection ARRUPE LIBRARY ARRUPE LIBRARY   27/02/2013 1 BL2470.U3W4 46407004 01/08/2016 28/08/2014 1 27/02/2013 Monograph ( Printed materials)

 

Arrupe Library. PO Box MP320 Mt Pleasant, Harare, Zimbabwe
263 242 745411|librarian@aju.ac.zw